1811 1164 1097 1437 1417 1493 1642 1622 1126 1995 1389 1251 1132 1641 1123 1691 1356 1872 1660 1736 1860 1368 1956 1885 1300 1192 1948 1119 1707 1132 1706 1764 1680 1516 1945 1416 1481 1305 1774 1518 1069 1763 1154 1095 1643 1691 1051 1411 1090 1070 1178 1840 1270 1095 1335 1116 1323 1420 1761 1338 1744 1752 1483 1526 1089 1610 1082 1928 1595 1396 1637 1333 1392 1438 1270 1556 1805 1809 1471 1863 1931 1828 1923 1365 1779 1447 1273 1375 1534 1818 1589 1818 1682 1683 1961 1713 1017 1905 1296 BCNSPRNW ULIB Ver.6.0+V

เปลี่ยนเป็นภาษาไทย

Change to English
 แสดงรายละเอียดบรรณานุกรม
  กลับหน้าหลัก

Brief Record : Get Marc (ISO 2709) : E-mail record : QR code < ปิดหน้าต่าง
LEADER : 00000nam 2200000uu 4500
001    13399107903
003     ULIB
008    110209s2548||||th 000 0 tha d
020    9741103867
020    9789741103867
060 04 WP100^bน263 2548
245 00 นรีเวชวิทยา =^bGynecology /^cบรรณาธิการ, สมบูรณ์ คุณาธิคม... [และคนอื่นๆ]
246 31 Gynecology
250    พิมพ์ครั้งที่ 1
260    กรุงเทพฯ :^bภาควิชาสูติศาสตร์-นรีเวชวิทยาคณะแพทยศาสตร์ศิริราชพยาบาล มหาวิทยาลัยมหิดล,^c2548
300    464 หน้า :^bภาพประกอบ ;^c30 ซม.
650  7 นรีเวชวิทยา
700 0  สมบูรณ์ คุณาธิคม,^eบรรณาธิการ
945    ^p300^l0^i019704
945    ^p300^l0^i019703
945    ^p300^l0^i018847
995    ทศพร
999 ^a ใช้งานได้ทุกระบบ
รายการนี้ยังไม่มีแท็ก
คุณยังไม่ได้ล็อกอิน คุณสามารถมีกิจกรรมร่วมกับเว็บไซต์ได้ แต่ต้องล็อกอินก่อน ::
  ล็อกอิน

รายการสื่อสารสนเทศ

ลำดับที่ ประเภท เลขเรียก/บาร์โค้ด สถานที่ สถานะ
- ไม่พบข้อมูล -

รายการใกล้เคียง
    หัวเรื่อง [นรีเวชวิทยา]

BibComment


ยังไม่เคยถูกคอมเมนท์

คอมเมนท์ทรัพยากรรายการนี้
  คอมเมนท์: นรีเวชวิทยา Gyne..


 Copyright 2026. Bcnsprnw @Library